Loreto College Library, Kolkata
WEBOPAC (ONLINE PUBLIC ACCESS CATALOGUE)

Myths and Symbols in Indian Art and Civilization (Record no. 17307)

MARC details
000 -LEADER
fixed length control field 00685nam a2200229Ia 4500
005 - DATE AND TIME OF LATEST TRANSACTION
control field 20251203150619.0
008 - FIXED-LENGTH DATA ELEMENTS--GENERAL INFORMATION
fixed length control field 131103s9999 xx 000 0 und d
040 ## - CATALOGING SOURCE
Original cataloging agency Loreto College
041 ## - LANGUAGE CODE
Language code English
082 ## - DDC | ডিউই
Classification number | বর্গসংখ্যা 704.947
Book Number | গ্রন্থাঙ্ক ZIM
100 ## - MAIN ENTRY--PERSONAL NAME | মুখ্য সংলেখ - ব্যাক্তিনাম
Personal name | ব্যাক্তিনাম Zimmer,Heinrich
245 ## - TITLE STATEMENT | অাখ্যা বিবরণী
Title | অাখ্যা Myths and Symbols in Indian Art and Civilization
Statement of responsibility | লেখকের দায়িত্বের বিবরণ Heinrich Zimmer;edited by Joseph Camphell
260 ## - IMPRINT | প্রকাশনা ক্ষেত্র
Place of publication | প্রকাশ স্থান Washington
Name of publisher | প্রকাশকের নাম Tulsi Shah Enterprises
Date of publication | প্রকাশ কাল 1946 (1963 printing)
300 ## - PHYSICAL DESCRIPTION |
Page / Vol. No | পৃষ্ঠা / খন্ড সংখ্যা xiii,248 p.
Other physical details | অনান্য বাহ্যিক বিবরণ 70 plates
440 ## - SERIES STATEMENT |গ্রন্থমালা
Series Title | গ্রন্থমালা অাখ্যা Bollingen Series; No.6
504 ## - BIBLIOGRAPHY, ETC. NOTE
Bibliography, etc Includes index
650 ## - SUBJECT ADDED ENTRY--TOPICAL TERM | বিষয় শিরোনাম - মূল বিষয়
Topical term | মূল বিষয় Mythology
651 ## - SUBJECT ADDED ENTRY--GEOGRAPHIC NAME | বিষয় শিরোনাম - ভৌগলিক নাম
Geographic name | ভৌগলিক বিষয় Indian Mythology| IKS
700 ## - ADDED ENTRY--PERSONAL NAME | অতিরিক্ত সংলেখ - ব্
Personal name | ব্যাক্তিনাম Cambell,Joseph,ed.
850 ## - HOLDING INSTITUTION
Holding institution LCLIB
942 ## - ADDED ENTRY ELEMENTS (KOHA)
Koha item type Books
Holdings
Withdrawn status Lost status Source of classification Damaged status Not for loan Collection code Home library Current library Date acquired Total Checkouts Full call number Accession No. Date last seen Price effective from Koha item type
    Dewey Decimal Classification     IKS Loreto College Loreto College 04/11/2013   704.947 ZIM 17271 B17667 04/11/2013 04/11/2013 Books